| 000 -LEADER |
| fixed length control field |
00532nam a22001337a 4500 |
| 082 ## - DEWEY DECIMAL CLASSIFICATION NUMBER |
| Classification number |
APPPA 2018-19\MAJ |
| 100 ## - MAIN ENTRY--PERSONAL NAME |
| Personal name |
Majumdar, Abhirup |
| 9 (RLIN) |
5451 |
| 245 ## - TITLE STATEMENT |
| Title |
Accountability of fourth estate in the context of its increasing role in shaping conflict situations |
| Statement of responsibility, etc |
by Abhirup Majumdar |
| 260 ## - PUBLICATION, DISTRIBUTION, ETC. (IMPRINT) |
| Place of publication, distribution, etc |
New Delhi: |
| Name of publisher, distributor, etc |
Indian Institute of Public Administration, |
| Date of publication, distribution, etc |
2019 |
| 300 ## - PHYSICAL DESCRIPTION |
| Extent |
120p. |
| 500 ## - GENERAL NOTE |
| General note |
APPPA Dissertation , 2018-19 (Guide: Dr. Neetu Jain) |
| 650 ## - SUBJECT ADDED ENTRY--TOPICAL TERM |
| Topical term or geographic name as entry element |
India -- Jammu and Kashmir. |
| 9 (RLIN) |
6332 |
| 650 ## - SUBJECT ADDED ENTRY--TOPICAL TERM |
| Topical term or geographic name as entry element |
Mass media -- India |
| 9 (RLIN) |
6333 |